Etika AI: praktické úvahy (nejen) v energetice

Umelá inteligencia (AI) postupne a stále preniká do všetkých sfér ľudskej existencie a činnosti. Niektorú autori ju preto prirovnávajú k objavu elektriny, iní o nej hovoria ako o obrovskej vlne, ktorá sa čoskoro prevalí celou ľudskou spoločnosťou. Etické kódexy a regulácia AI.

Enregistré dans:
Détails bibliographiques
Auteur principal: Černý, David
Autres auteurs: Šumpela, Vít
Format: Chapitre de livre
Langue:tchèque
Sujets:
Tags: Ajouter un tag
Pas de tags, Soyez le premier à ajouter un tag!

MARC

LEADER 00000naa a2200000 4500
001 0299956
005 20240417075311.1
041 0 |a cze 
044 |a CZ 
245 1 0 |a Etika AI: praktické úvahy (nejen) v energetice  |c David Černý, Vít Šumpela 
520 |a Umelá inteligencia (AI) postupne a stále preniká do všetkých sfér ľudskej existencie a činnosti. Niektorú autori ju preto prirovnávajú k objavu elektriny, iní o nej hovoria ako o obrovskej vlne, ktorá sa čoskoro prevalí celou ľudskou spoločnosťou. Etické kódexy a regulácia AI. 
610 2 0 |a inteligencia umelá 
610 2 0 |a energetika 
610 2 0 |a etika 
610 2 0 |a kódexy etické 
100 1 |a Černý, David 
700 1 |a Šumpela, Vít